[Event "POL-chT3 Pomorskie"]
[Site "Poland"]
[Date "2007.05.13"]
[Round "?"]
[White "Lukaszuk, Aron"]
[Black "Wiecki, Mateusz"]
[Result "1-0"]
[WhiteElo "1800"]
[BlackElo "1400"]
[PlyCount "85"]
[EventDate "2007.03.25"]
[EventType "team-tourn"]
[EventRounds "10"]
[EventCountry "POL"]
[SourceTitle "EXT 2019"]
[Source "ChessBase"]
[SourceDate "2018.10.10"]
[SourceVersion "1"]
[SourceVersionDate "2018.10.10"]
[SourceQuality "1"]

1. e4 c5 2. Nf3 Nc6 3. d4 cxd4 4. Nxd4 e6 5. Nc3 Nf6 6. f3 Bc5 7. Be3 Qb6 8. Na4 Qa5+ 9. c3 Bxd4 10. Bxd4 Nxd4 11. Qxd4 d5 12. Nc5 0-0 13. Bd3 e5 14. Nb3 exd4 15. Nxa5 dxc3 16. bxc3 dxe4 17. fxe4 Re8 18. 0-0 Nxe4 19. Rae1 Nd6 20. Rxe8+ Nxe8 21. Be4 Nf6 22. Rd1 Be6 23. Bxb7 Re8 24. a3 g6 25. Nc6 Bc8 26. Bxc8 Re3 27. Rc1 Nd5 28. Kf2 Rd3 29. c4 Nb6 30. Bg4 Rxa3 31. c5 Nd5 32. Nd4 Nb4 33. Be2 Ra2 34. Kf1 a5 35. c6 Nd5 36. c7 Nxc7 37. Rxc7 Ra1+ 38. Kf2 a4 39. Ra7 a3 40. Nc2 Ra2 41. Nxa3 Kg7 42. Nb5 Rxa7 43. Nxa7 1-0